000
00319nam a22001337a 4500
020
_a
978-0-440-86780-7
082
_a
823
_b
WIL/V
100
_a
JACQUELINE WILSON
245
_a
VICKY ANGEL
260
_a
GREAT BRITIAN
_b
CORGI YEARLING
_c
2007
300
_a
156
650
_a
CHILDREN'S STORY BOOK
_z
UNITED KINGDOM
942
_c
BK
999
_c
106
_d
106